Části a mechanismy strojů pro 4. ročník gymnázií

Bibliographic Details
Main Author: Plachý, Jiří (Author)
Format: Book
Language:Undetermined
PhysicalDescription:74 s.
Published: Praha Státní nakladatelství technické literatury 1990
ISBN:8003002648

MARC

LEADER 00000nam a2200000 a 4500
001 vtls001337854
003 SK-MaSNL
005 20260301114521.0
008 240314s1990 xx 0 und
020 |a 8003002648 
035 |a SNK000290869 
040 |a SNK  |b slo  |c SNK  |e AACR2 
100 1 |a Plachý, Jiří  |4 aut  |9 369264 
245 1 0 |a Části a mechanismy strojů  |b pro 4. ročník gymnázií 
260 |a Praha  |b Státní nakladatelství technické literatury  |c 1990 
300 |a 74 s. 
919 |a 80-03-00264-8 
958 |a OND 
999 |c 718732  |d 720662 
952 |a SNK  |b SNK  |y PREZ  |7 0  |p 17A0860243  |o snkSB 46606  |0 0  |1 0  |4 0  |d 2012-07-16  |l 0  |r 2025-01-31 00:00:00  |w 2026-02-23 
952 |t P60, <04>, [BOOK], {604}  |a SNK  |b SNK  |y VYP  |7 0  |p 17A0151826  |o snkSB 46606 D1  |0 0  |1 0  |4 0  |d 1998-07-22  |l 0  |r 2005-01-02 00:00:00  |w 2026-02-23